000 00671nam a22002292 4500
001 42814
003 BD-RjUL
005 20211209053610.0
008 160616s1974 ii a 001 0 eng
035 _a(BD-RjUL)42932
040 _aDLC
_cPAU
_dBD-RjUL
_beng
041 _aeng
082 0 0 _a913.34
_bSAP 1974
100 1 _aSankalia, H. D.
_970288
245 1 0 _aThe Prehistory and protohistory in India and Pakistan /
_cby H.D. Sankalia.
250 _anew edi.
260 _aBombay :
_bUniversity of Bombay,
_c1974
300 _axxviii, 592 p. :
_bill. ;
_c29 cm.
504 _aIncludes index and bibliography
650 0 _aStone age
_zIndia.
_970289
942 _2ddc
_cBK
999 _c42814
_d42814